| 000 | 00831nam a2200229 a 4500 | ||
|---|---|---|---|
| 001 | BRCA_1732 | ||
| 005 | 20190320203528.0 | ||
| 008 | 070907s2007 mx-a---##c---#000-0#spa-# | ||
| 020 | _a9685122857 | ||
| 040 |
_aDLC _cDLC |
||
| 050 | 4 |
_aZ1012 _b.H67 2007 |
|
| 245 | 1 | 0 |
_aLa Biblioteca Palafoxiana _bde lo sagrado a lo profano _cconcepto y dirección editorial Elena Horz. |
| 260 |
_aMéxico _bGobierno del Estado de Puebla _c2007 |
||
| 300 |
_a71 p. _bil. (algunas a color) _c28 cm. |
||
| 504 | _aBibliografía: p. 71 | ||
| 610 | 2 | 4 |
_aBiblioteca Palafoxiana _vCatálogos _zPuebla (México) _95413 |
| 650 | 1 | 4 |
_aBibliotecas _xHistoria _zMéxico _95414 |
| 650 | 1 | 4 |
_aEdificios de bibliotecas _xHistoria _zPuebla (México) _95415 |
| 653 | 0 | _aColección Biblioteca Palafoxiana | |
| 700 | 1 |
_aHorz de Sotomayor, Elena _93367 |
|
| 942 |
_2lcc _cB |
||
| 999 |
_c1519 _d1519 |
||